UITU Library & LRC     

The Karachi Building & Town Planning Regulations 2002: ammended as karachi building & town planning regulations (AMDT)2004,karachi building & town planning regulations (AMDT) (Record no. 14376)

MARC details
000 -LEADER
fixed length control field 00597nam a2200181Ia 4500
008 - FIXED-LENGTH DATA ELEMENTS--GENERAL INFORMATION
fixed length control field 240925s9999 xx 000 0 und d
020 ## - INTERNATIONAL STANDARD BOOK NUMBER
International Standard Book Number NA
082 ## - DEWEY DECIMAL CLASSIFICATION NUMBER
Classification number 342.026 ALI
100 ## - MAIN ENTRY--PERSONAL NAME
Personal name Zaka., Ali
245 #4 - TITLE STATEMENT
Title The Karachi Building & Town Planning Regulations 2002: ammended as karachi building & town planning regulations (AMDT)2004,karachi building & town planning regulations (AMDT)
250 ## - EDITION STATEMENT
Edition statement 1st
260 ## - PUBLICATION, DISTRIBUTION, ETC.
Place of publication, distribution, etc. Karachi:
Name of publisher, distributor, etc. The Ideal Publishers
Date of publication, distribution, etc. ,2006.
300 ## - PHYSICAL DESCRIPTION
Extent 120p.
Other physical details 0
Type of unit Original
500 ## - GENERAL NOTE
General note Includes Index
600 ## - SUBJECT ADDED ENTRY--PERSONAL NAME
Personal name Social Sciences
650 ## - SUBJECT ADDED ENTRY--TOPICAL TERM
Topical term or geographic name entry element Social Sciences
942 ## - ADDED ENTRY ELEMENTS (KOHA)
Koha item type Books
Holdings
Withdrawn status Lost status Damaged status Not for loan Collection Home library Current library Date acquired Source of acquisition Cost, normal purchase price Total checkouts Full call number Barcode Date due Date last seen Date last checked out Price effective from Koha item type
        Social Sciences UITU Library UITU Library 11/05/2018 Petiwala Book Corporation 800.00 1 342.026 ALI Q11877 11/04/2025 10/30/2025 10/30/2025 09/25/2024 Books

Powered by Koha